000 00628nam a2200205Ia 4500
001 21429
003 GE_BSU
008 181216s||||||||xx |||||||||||||| ||und||
040 _cGE_BSU
080 _aპერიოდიკა
245 _aПсихология обучения, №9 Сентябрь 2017.
245 _cГл. ред. Т. Н. Березина и др.
260 _aМосква
260 _c2017
300 _a163 стр. 24 см.
653 _aПериодика
653 _aПсихология обучения, №9 Сентябрь 2017.
653 _aპერიოდიკა
942 _cCR
999 _c54373
_d54373